000
00270nam a22001097a 4500
008
170117b xxu||||| |||| 00| 0 eng d
020
_a
9780323031622
041
_a
eng
080
_2
4TH
_a
618.2
245
_a
THE HUMAN BODY IN HEALTH & DISEASE
_c
PATTON, TH
942
_2
udc
_c
BK
999
_c
3035
_d
3035